| 000 | 004380000a22001810004500 | ||
|---|---|---|---|
| 003 | MACL | ||
| 005 | 20160128120247.0 | ||
| 008 | 160128b xxu||||| |||| 00| 0 eng d | ||
| 040 |
_aMACL _cMACL |
||
| 041 | _aEnglish | ||
| 082 | _a920.71/SYL | ||
| 100 |
_aNasar, Sylvia _934737 |
||
| 245 | _aA Beautiful Mind | ||
| 260 |
_bFaber and Faber _c2001 _aAmerica |
||
| 350 | _a317 | ||
| 650 |
_aBiography _934738 |
||
| 942 |
_cBK _k920.71/NAS _2ddc |
||
| 999 |
_c32012 _d32012 |
||